ESPRIT '90. Proc. of the annual ESPRIT conf.. Brussels, November 12-15, 1990. Ed. by Commission of the European Communities

Salvato in:
Dettagli Bibliografici
Natura: Libro
Lingua:inglese
Pubblicazione: Dordrecht : Kluwer Academic Publishers, 1990
Tags: Aggiungi Tag
Nessun Tag, puoi essere il primo ad aggiungerne!!

MARC

LEADER 00000nam a22000003a 4500
001 stu198
005 20200910140254.7
008 910425s1990----be------------------eng-d
020 |a 0-7923-1039-X 
040 |a STU  |b slo 
041 0 |a eng 
044 |a be 
080 |a 621.38/.39 
080 |a 681.32.06 
080 |a 519.68 
080 |a 061.3(08) 
245 |a ESPRIT '90. Proc. of the annual ESPRIT conf.. Brussels, November 12-15, 1990. Ed. by Commission of the European Communities 
260 |a Dordrecht :  |b Kluwer Academic Publishers,  |c 1990 
300 |a 882 s 
996 |b I4445  |c I*4445  |l II680  |s A  |a 24  |w stu198_0002 
996 |b E74211  |c E*74211  |l EI680  |s P  |a 0  |w stu198_0003